Języki w Europie - nagła śmierć - Statystyki

Ogólne statystyki
  • Ten quiz został rozwiązany 149 razy
  • Średni wynik to 7 z 18
Answers on the Grid
Answers color-coded by a green-red scale on the quiz's grid according to % correct below.
farerski
kantoński
dolnoniemiecki
fryzyjski
suahili
kazachski
dolnołużycki
macedoński
hiszpański kastylijski
galicyjski
prowensalski
arumuński
cygański
skibidi
krio
bretoński
lapoński
japoński
kikongo
fulani
kałmucki
maltański
tamilski
hindi
võro
albański
algierski
karelski
portugalski brazylijski
kataloński
 
Statystyki odpowiedzi
Odpowiedź % Poprawnych
macedoński
74%
hiszpański kastylijski
69%
kataloński
57%
albański
54%
galicyjski
54%
dolnołużycki
50%
farerski
50%
dolnoniemiecki
49%
lapoński
46%
maltański
46%
fryzyjski
40%
bretoński
37%
cygański
29%
arumuński
18%
karelski
18%
kałmucki
15%
kazachski
12%
võro
9%
Nie znaleziono quizów pasujących do podanych kryteriów
Rozkład punktacji
Procent ludzi z każdym wynikiem
Percentyl według liczby udzielonych odpowiedzi
Twoja historia wyników
Nie rozwiązałeś tego quizu